Missing Word: Samuel L. Jackson Quiz Stats

 Plays Quiz Updated Jul 10, 2012

Challenge
Share
Tweet
Embed
Score 0/24 Timer 02:00
0 Plays Today
Movie Title Missing Word % Correct
_____ Bill Vol. 2Kill
95.4%
Pulp _____Fiction
95.2%
_____ on a PlaneSnakes
93.4%
Do the _____ ThingRight
86.8%
Star Wars Episode I: The _____ MenacePhantom
80.2%
Deep Blue _____Sea
78.4%
Rules of _____Engagement
68.7%
_____ Man 2Iron
67.4%
Patriot _____Games
67.4%
Coach _____Carter
65.2%
xXx: State of the _____Union
62.6%
_____ to AmericaComing
61.1%
Movie Title Missing Word % Correct
Die Hard with a _____Vengeance
58.9%
A _____ to KillTime
57.9%
The Long _____ GoodnightKiss
57.8%
The _____ GuysOther
49.7%
Lakeview _____Terrace
49.3%
_____ Snake MoanBlack
47.3%
Jackie _____Brown
41.6%
_____ LanesChanging
41.1%
_____ RomanceTrue
34.8%
_____ ParkJurassic
30.4%
_____ FeverJungle
21.7%
The Great White _____Hype
16.1%

Today's Daily Dose

You're not logged in!

Compare scores with friends on all Sporcle quizzes.
Join for Free
OR
Log In

You Might Also Like...

Show Comments

Extras

Top Quizzes Today


Score Distribution

Your Account Isn't Verified!

In order to create a playlist on Sporcle, you need to verify the email address you used during registration. Go to your Sporcle Settings to finish the process.

Report this User

Report this user for behavior that violates our Community Guidelines.

Details: